000 00374nam a22001577a 4500
005 20160531124137.0
008 160531b xxu||||| |||| 00| 0 eng d
041 _aeng
082 _b6388
100 _aChopra, R.K. & Mohan, Puneet
_91589
245 _aPrinciples Practice of Mgt.
260 _bSun India
_c2005
300 _a492
650 _aManagement
_9241
942 _cBK
999 _c2244
_d2243